| 000 | 01099nam0a22002899 4500 | ||
|---|---|---|---|
| 001 | RU\NLR\b_ik\7905 | ||
| 005 | 20250616224233.0 | ||
| 035 | _a(NLR Aleph) 002082787 | ||
| 090 |
_a4870262 _c4870262 |
||
| 100 | _a19950127d1993 |||y0rusy50 ca | ||
| 101 | 0 | _arus | |
| 102 | _aRU | ||
| 105 | _aa ||||||||| | ||
| 200 | 1 |
_aFinancial flows modeling in an economic system _e(Rep. to the Conf. "Macromodels 93", Lodz, Poland, 7-10 Dec.,1993) _fSergei V. Kazantsev |
|
| 210 |
_aNovosibirsk _cInst. of economics a. industrial engineering, Siberian branch of the Russ. acad. _d1993 |
||
| 215 |
_a12c. _ccхем. _d20 |
||
| 225 | 1 |
_aPreprint _fThe Russ. acad. of sciences. Siberian branch, Inst. of economics a. industrial engineering _v107 |
|
| 320 | _aБиблиогр.: с. 12 | ||
| 606 | 0 |
_aФинансы _xМоделирование _2nlr-sh1 |
|
| 686 | 0 |
_aУ26(2)в611 _2rubbk |
|
| 700 | 1 |
_aKazancev _bSergej Vladimirovič _4070 |
|
| 801 | 0 |
_aRU _bNLR _c20011010 _gPSBO |
|
| 801 | 1 |
_aRU _bNLR _c20011012 |
|
| 852 |
_aNLR _jЭк65 Д-4/44 |
||
| 942 | _cBOOK | ||
| 980 | _aNB | ||